Evil and the philosophy of retribution : (Record no. 95167)

MARC details
000 -LEADER
fixed length control field 00667nam a22001937a 4500
005 - DATE AND TIME OF LATEST TRANSACTION
control field 20150810114525.0
010 ## - LCCN (DPL NO)
LC control number ENG-113593
020 ## - INTERNATIONAL STANDARD BOOK NUMBER
International Standard Book Number 9780415711142
Terms of availability 645.00
035 ## - SYSTEM CONTROL NUMBER
System control number EN-97125
037 ## - SOURCE OF ACQUISITION
Source of stock number/acquisition DBAD/PUB
082 ## - DEWEY DECIMAL CLASSIFICATION NUMBER
Classification number 181.45
100 ## - MAIN ENTRY--PERSONAL NAME
Personal name Palshikar, Sanjay
245 ## - TITLE STATEMENT
Title Evil and the philosophy of retribution :
Statement of responsibility, etc by Sanjay Palshikar
Remainder of title modern commentaries on the Bhagavad-Gita /
260 ## - PUBLICATION, DISTRIBUTION, ETC. (IMPRINT)
Place of publication, distribution, etc New Delhi
Name of publisher, distributor, etc Routledge
Date of publication, distribution, etc 2014
270 ## - ADDRESS
Address 912 Tolstoy House, 15-17 Tolstoy Marg, Connaught Place
City New Delhi
Postal code 110001
300 ## - PHYSICAL DESCRIPTION
Extent ix,182p.
Dimensions 23cm(Hb)
500 ## - GENERAL NOTE
General note Includes bibliographical references and index
942 ## - ADDED ENTRY ELEMENTS (KOHA)
Source of classification or shelving scheme Dewey Decimal Classification
Item type English Books
Call number suffix PAL
Classification part 181.45
Holdings
Withdrawn status Lost status Not for loan Collection code Home library Current library Date acquired Source of acquisition Cost, normal purchase price Full call number Barcode Copy number Cost, replacement price Koha item type
    Not For Loan Non-fiction D.B.Act.Division D.B.Act.Division 22/07/2015 DBAD/PUB 645.00 181.45 PAL EN-97125 1 645.00 English Books

© Delhi Public Library
Hit Counter
free hit counter